Ir para o conteúdo

Гражданская служба Российской Федерации: вопросы правового регулирования в схемах и комментариях Учебное пособие

Предлагаемое пособие ставит своей целью привести в определенную систему знания о государственной гражданской службе Российской Федерации с тем чтобы было легче и удобнее изучать и усваивать сложные вопросы правового регулирования государственной гражданской службы. Издание подготовлено с учетом посл...

ver descrição completa

Na minha lista:
Detalhes bibliográficos
Autor principal: Кабашов С.Ю
Formato: Учебное пособие
Edição:1
Colecção:Высшее образование: Бакалавриат
Acesso em linha:https://znanium.com/catalog/document?id=414095
https://znanium.com/cover/1233/1233653.jpg
Tags: Adicionar Tag
Sem tags, seja o primeiro a adicionar uma tag!
LEADER 03075nam0a2200325 i 4500
001 RU\infra-m\znanium\bibl\1233653
003 https://znanium.com/catalog/document?id=414095
005 20250211000000.0
010 |a 978-5-16-010095-1 
010 |a 978-5-16-101823-1  |b электр. издание 
100 |a 20250211d2022 m y0rusy0150 ca 
101 0 |a rus 
102 |a RU 
200 1 |a Гражданская служба Российской Федерации: вопросы правового регулирования в схемах и комментариях  |e Учебное пособие  |f Башкирская академия государственной службы и управления при Главе Республики Башкортостан 
205 |a 1 
210 1 |a Москва  |c ООО "Научно-издательский центр ИНФРА-М"  |d 2021 
215 |a 156 с. 
225 1 |a Высшее образование: Бакалавриат 
330 |a Предлагаемое пособие ставит своей целью привести в определенную систему знания о государственной гражданской службе Российской Федерации с тем чтобы было легче и удобнее изучать и усваивать сложные вопросы правового регулирования государственной гражданской службы. Издание подготовлено с учетом последних изменений и дополнений к федеральному законодательству. Пособие предназначено для студентов обучающихся по направлению «Государственное и муниципальное управление» а также для всех интересующихся вопросами правового регулирования в области гражданской службы Российской Федерации. 
333 |a ВО - Бакалавриат 
606 |a Управление (менеджмент)  |x Государственное и муниципальное управление  |2 local 
608 |a Учебное пособие  |2 local 
675 |a 35(075.8)  |z rus 
686 |a 67.401я73  |2 rubbk 
686 |a 38.03.04  |2 okso 
686 |a 38.04.04  |2 okso 
700 1 |a Кабашов  |b С.Ю.  |g Сергей Юрьевич  |p Башкирская академия государственной службы и управления при Главе Республики Башкортостан 
801 0 |a RU  |b Общество с ограниченной ответственностью «ЗНАНИУМ»  |c 20201219  |2 rusmarc 
856 4 |a znanium.com  |m ebs_support@infra-m.ru  |n НИЦ ИНФРА-М  |u https://znanium.com/catalog/document?id=414095 
856 4 1 |a znanium.com  |d /cover/1233  |f 1233653.jpg  |q image/jpeg  |u https://znanium.com/cover/1233/1233653.jpg